Among us tasks on the skeld - Statistics

General Stats
  • This quiz has been taken 148 times
  • The average score is 11 of 25
Answer Stats
Room Task % Correct
Cafeteria and admin Download data.
68%
Navigations Download data.....
68%
Weapons Download data........
68%
Cafeteria Fix wiring.
57%
Electrical Fix wiring...
57%
Navigations Fix wiring.....
57%
Storage Fix wiring.......
57%
Electrical and any other room that can accept diverted power Divert power...
53%
Medbay Submit scan......
53%
Cafeteria Empty Garbage.
50%
O2 Empty Garbage....
50%
Storage Empty garbage.......
50%
Reactor Start reactor..........
46%
Storage and Engines Fuel engines.......
44%
Shields Prime shields.........
44%
Medbay Inspect sample......
42%
Admin Card swipe..
37%
Weapons Clear asteroids........
37%
Navigations Chart course.....
35%
Reactor Unlock manifolds..........
33%
O2 Clean O2 filter....
29%
Navigations Stabilize steering.....
25%
Both Engines Align engine output...........
24%
Storage Empty chute.......
24%
Electrical(just type spinning circles with bars...) spinning circles with bars...
22%
No matching quizzes found
Score Distribution
Percent of People with Each Score
Percentile by Number Answered
Your Score History
You have not taken this quiz